000 00642nam a2200241Ia 4500
003 OSt
005 20220918221144.0
006 a|||||r|||| 00| 0
007 ta
008 220917b |||||||| |||| 00| 0 eng d
024 _a148,517
037 _cTextual
040 _aARTS
_cARTS
_beng
041 _2eng
_aeng
082 _aS9, L4
100 _aMackintosh N. J.
_9139342
245 0 _aPsychology of animal learning
260 _aLondon
_bAcademic Press UK
_c1974
300 _axiv,730p. illus
_ccm.
650 _aANIMAL BEHAVIOUR
_929214
942 _hS9, L4
_cTEXL
_2CC
999 _c271194
_d271194